Land registration for the twenty-first century : a conveyancing revolution : land registartion bill and commentary. (Record no. 101547)

MARC details
000 -LEADER
fixed length control field 01132cam a2200313 4500
008 - FIXED-LENGTH DATA ELEMENTS--GENERAL INFORMATION
fixed length control field 010719n2001 000 0 eng u
020 ## - INTERNATIONAL STANDARD BOOK NUMBER
International Standard Book Number 0102910529
035 ## - SYSTEM CONTROL NUMBER
System control number (Sirsi) u113699
050 ## - LIBRARY OF CONGRESS CALL NUMBER
Classification number 346.410438
110 ## - MAIN ENTRY--CORPORATE NAME
Corporate name or jurisdiction name as entry element England and Wales
Subordinate unit Law Commission
9 (RLIN) 3302
245 ## - TITLE STATEMENT
Title Land registration for the twenty-first century : a conveyancing revolution : land registartion bill and commentary.
260 ## - PUBLICATION, DISTRIBUTION, ETC.
Place of publication, distribution, etc. London
Name of publisher, distributor, etc. Stationery Office
Date of publication, distribution, etc. 2001
300 ## - PHYSICAL DESCRIPTION
Extent xv,603p.
Dimensions 30cm.
350 ## - PRICE (NR) (BK AM CF MU VM SE) [OBSOLETE]
Price 45.00
490 ## - SERIES STATEMENT
Series statement HC
Volume/sequential designation 114
490 ## - SERIES STATEMENT
Series statement Law Commission Report
Volume/sequential designation 271
520 ## - SUMMARY, ETC.
Summary, etc. Full text of the bill and commentary available at http://www.lawcom.gov.uk
650 ## - SUBJECT ADDED ENTRY--TOPICAL TERM
Topical term or geographic name entry element ADVERSE POSSESSION
650 ## - SUBJECT ADDED ENTRY--TOPICAL TERM
Topical term or geographic name entry element CONVEYANCING
650 ## - SUBJECT ADDED ENTRY--TOPICAL TERM
Topical term or geographic name entry element DISPOSITION
650 ## - SUBJECT ADDED ENTRY--TOPICAL TERM
Topical term or geographic name entry element ECONVEYANCING
650 ## - SUBJECT ADDED ENTRY--TOPICAL TERM
Topical term or geographic name entry element LAND REGISTRATION
650 ## - SUBJECT ADDED ENTRY--TOPICAL TERM
Topical term or geographic name entry element HM LAND REGISTRY
650 ## - SUBJECT ADDED ENTRY--TOPICAL TERM
Topical term or geographic name entry element OVERRIDING INTEREST
690 ## - LOCAL SUBJECT ADDED ENTRY--TOPICAL TERM (OCLC, RLIN)
Topical term or geographic name as entry element PROPERTY AND LAND LAW-CONVEYANCING
710 ## - ADDED ENTRY--CORPORATE NAME
Corporate name or jurisdiction name as entry element HM Land Registry
9 (RLIN) 1247
856 ## - ELECTRONIC LOCATION AND ACCESS
Uniform Resource Identifier <a href="https://cloud-platform-e218f50a4812967ba1215eaecede923f.s3.amazonaws.com/uploads/sites/30/2015/04/Lc271.pdf">https://cloud-platform-e218f50a4812967ba1215eaecede923f.s3.amazonaws.com/uploads/sites/30/2015/04/Lc271.pdf</a>
Public note Law Commission paper 271
942 ## - ADDED ENTRY ELEMENTS (KOHA)
Suppress in OPAC 0
Source of classification or shelving scheme Dewey Decimal Classification
Holdings
Withdrawn status Lost status Source of classification or shelving scheme Damaged status Not for loan Home library Current library Shelving location Date acquired Cost, normal purchase price Total Checkouts Full call number Date last seen Date last checked out Copy number Uniform Resource Identifier Cost, replacement price Price effective from Koha item type Public note
    Dewey Decimal Classification     Virtual Virtual Online 10/08/2001 38.25 4 ONLINE PUBLICATION 14/06/2024 25/10/2005 1 https://cloud-platform-e218f50a4812967ba1215eaecede923f.s3.amazonaws.com/uploads/sites/30/2015/04/Lc271.pdf 38.25 06/08/2019 Online material Available online